Európske normy - kruh kvality

Výklad k norme ISO 8402 - základné pojmy používané v oblasti kvality.. Pojmy uvedené v tejto norme sú smerodajné pri uzatváraní zmlúv v krajinách Európskej únie. Pre uľahčenie obchodných stykov preberajú tieto normy i krajiny nečlenské. Pojmy - kvalita objektívna, subjektívna. Kruh kvality - vo výro...

Ausführliche Beschreibung

Gespeichert in:
Bibliographische Detailangaben
1. Verfasser: Kylberger, J.
Format: Buchkapitel
Sprache:Slowakisch
Schlagworte:
Tags: Tag hinzufügen
Keine Tags, Fügen Sie das erste Tag hinzu!

MARC

LEADER 00000naa a2200000 4500
001 r015530
005 20221205090112.4
041 0 |a slo 
044 |a SK 
245 1 0 |a Európske normy - kruh kvality  |c J. Kylberger 
520 |a Výklad k norme ISO 8402 - základné pojmy používané v oblasti kvality.. Pojmy uvedené v tejto norme sú smerodajné pri uzatváraní zmlúv v krajinách Európskej únie. Pre uľahčenie obchodných stykov preberajú tieto normy i krajiny nečlenské. Pojmy - kvalita objektívna, subjektívna. Kruh kvality - vo výrobnej sfére, v oblasti služieb. 
610 2 0 |a kvalita 
610 2 0 |a normy medzinárodné 
610 2 0 |a ISO 8402 
610 2 0 |a pojmy 
610 2 0 |a kvalita 
100 1 |a Kylberger, J.